000 00900 a2200241 4500
001 45836
005 20260407155730.0
008 260407a1951 arg spa d
003 AR-UNSa-BCEJYS
040 _aAR-UNSa-BCEJYS
_bspa
_cAR-UNSa-BCEJYS
080 _a330
_xEconomía en general
245 1 0 _aPrincipios de economía
250 _a2a. ed.
264 1 _aBuenos Aires :
_bEspasa-Calpe Argentina
_c1951
300 _a2 v. (490 ; 520 p.)
_c22 cm.
505 _aVol. I. : 1. La organización de la producción – 2. Valor y cambio – 3. Bancos y monedas – 4. El comercio internacional - - Vol. II.: 5. La distribución de la riqueza – 6. El trabajo – 7. Organización económica – 8. Los impuestos.
041 _aspa
942 _cBK
590 _aniveau_biblio:m niveau_hierar:0
100 1 _aPozzo, Adolfo A.
700 1 _aTaussig, Frank William
700 1 _aClose, Alberto M.
999 _c4018
_d4018